[Event "28. Offene Internationale Bayerische Schachmeisterschaft"]
[Site "Gmund am Tegernsee"]
[Date "2025.11.05"]
[Round "5"]
[Board "15"]
[White "Gokerkan, Cem Kaan"]
[Black "Huber, Benedikt"]
[Result "1-0"]
[WhiteElo "2502"]
[BlackElo "2290"]
[PlyCount "0"]
[EventDate "2025.11.01"]
[EventRounds "9"]
[EventCountry "GER"]

1. c4 f5 2. Nf3 Nf6 3. Nc3 e6 4. g3 b6 5. Bg2 Bb7 6. O-O Bb4 7. Qb3 a5 8. a3 Bxc3
9. Qxc3 a4 10. b4 axb3 11. Qxb3 Qe7 12. a4 d6 13. a5 Nbd7 14. Bb2 O-O 15. axb6 Nxb6
16. d3 Rxa1 17. Rxa1 Ra8 18. Rc1 Nfd7 19. Bd4 c5 20. Be3 e5 21. Nxe5 Nxe5 22. Qxb6
Bxg2 23. Kxg2 Ng4 24. Rc2 Nxe3+ 25. fxe3 Ra1 26. Qb8+ Qf8 27. Qb7 Qa8 28. Rb2 h6
29. Qxa8+ Rxa8 30. Rb7 Kh7 31. Rd7 Ra6 32. Kf3 h5 33. h4 Kh6 34. e4 g6 35. exf5 gxf5
36. Re7 Kg6 37. Re6+ Kg7  1-0

[Event "28. Offene Internationale Bayerische Schachmeisterschaft"]
[Site "Gmund am Tegernsee"]
[Date "2025.11.05"]
[Round "5"]
[Board "16"]
[White "Nigmatov, Ortik"]
[Black "Kurmangaliyeva, Liya"]
[Result "0-1"]
[WhiteElo "2493"]
[BlackElo "2287"]
[PlyCount "0"]
[EventDate "2025.11.01"]
[EventRounds "9"]
[EventCountry "GER"]

1. e4 c5 2. Nf3 e6 3. d4 cxd4 4. Nxd4 Nf6 5. Nc3 Nc6 6. a3 d5 7. exd5 Nxd5 8. Nxc6
bxc6 9. Ne4 Qc7 10. Qf3 f5 11. Ng3 Bd6 12. c4 Nf6 13. Bd3 O-O 14. O-O Rb8 15. Qe2
c5 16. Rd1 Ng4 17. b4 Bd7 18. Bb2 Rbe8 19. Bc2 Bc6 20. b5 Ba8 21. f3 Nf6 22. a4 h5
23. Nf1 h4 24. h3 Nh5 25. Qd2 Bf4 26. Qd7 Qb8 27. Qd3 e5 28. Qe2 e4 29. fxe4 Nf6
30. Qf2 Nxe4 31. Qxh4 Bg5 32. Qh5 Qf4 33. Qf3 Qh4 34. Rd5 Bxd5 35. cxd5 Qf4 36. Rd1
Qxf3 37. gxf3 Nd6 38. Ba3 Rc8 39. Bd3 Rfe8 40. Kf2 Bf4  0-1

[Event "28. Offene Internationale Bayerische Schachmeisterschaft"]
[Site "Gmund am Tegernsee"]
[Date "2025.11.05"]
[Round "5"]
[Board "17"]
[White "Koehler, Christian Friedrich"]
[Black "Chanda, Sandipan"]
[Result "0-1"]
[WhiteElo "2274"]
[BlackElo "2483"]
[PlyCount "0"]
[EventDate "2025.11.01"]
[EventRounds "9"]
[EventCountry "GER"]

1. e4 e6 2. d4 d5 3. exd5 exd5 4. Nf3 Nf6 5. Bd3 Bd6 6. Qe2+ Be7 7. O-O O-O 8. h3
Re8 9. c3 c5 10. Re1 Nc6 11. Bg5 Bd7 12. Qc2 c4 13. Bf5 Bxf5 14. Qxf5 Ne4 15. Bxe7
Nxe7 16. Qf4 Ng6 17. Qc1 Qf6 18. Nbd2 Nf4 19. Nxe4 Rxe4 20. Qd1 Qg6 21. g3 Nxh3+
22. Kf1 Qf5 23. Kg2 Rxe1 24. Qxe1 Nf4+ 25. Kg1 Nd3 26. Qe2 Kf8 27. Nh4 Qf6 28. Ng2
Re8 29. Ne3 h5 30. b3 h4 31. gxh4 Re4 32. bxc4 Qg6+ 33. Kf1 Rxh4 34. Qf3 Rf4  0-1

[Event "28. Offene Internationale Bayerische Schachmeisterschaft"]
[Site "Gmund am Tegernsee"]
[Date "2025.11.05"]
[Round "5"]
[Board "18"]
[White "Kuru, Atilla"]
[Black "Ongut, Tamas Gunes"]
[Result "1/2-1/2"]
[WhiteElo "2435"]
[BlackElo "2264"]
[PlyCount "0"]
[EventDate "2025.11.01"]
[EventRounds "9"]
[EventCountry "GER"]

1. e4 e5 2. Nf3 Nc6 3. Bc4 Nf6 4. Ng5 d5 5. exd5 b5 6. Bf1 Nxd5 7. Bxb5 Bb7 8. d4
exd4 9. O-O Be7 10. Qh5 g6 11. Qh6 Qd7 12. Re1 a6 13. Ba4 O-O-O 14. Nxf7 Bb4 15.
Nxd8 Bxe1 16. Nxc6 Bxc6 17. Bxc6 Qxc6 18. Qh3+ Kb7 19. Qb3+ Ka7 20. Nd2 Bxd2 21.
Bxd2 Rb8 22. Qd3 Rxb2 23. Rc1 Qb6 24. Qc4 Nc3 25. a3 Rb1 26. h4 Rxc1+ 27. Bxc1 Qd6
28. g3 Qe5 29. Kh2 Nd5 30. Qc5+ Kb7 31. Bb2 Qe4 32. Bxd4 Nb6 33. c3 Qe6 34. h5 Nc4
35. Qa7+ Kc8 36. Qa8+ Kd7 37. Qh8 Qf7 38. h6 Nd6 39. Qg7 Kc6 40. Kg1 Qd7 41. Qg8
Kb7 42. Qd5+ Qc6 43. Qg8 Qd7 44. Qg7 Kc6 45. Kg2 Nf5 46. Qxd7+ Kxd7 47. Bg7 Ke6 48.
Kf3 Nxg7 49. hxg7 Kf7 50. Ke4 Kxg7 51. Ke5 Kf7 52. f4 h5 53. c4 Ke7 54. Kd5 Kf6 55.
Kc6 g5 56. fxg5 Kxg5 57. c5 Kg4 58. Kxc7 Kxg3 59. c6 h4 60. Kb6 h3 61. c7 h2 62.
c8=Q h1=Q 63. Qg8+ Kf4 64. Qc4+ Ke5 65. a4 Qh6+ 66. Ka5 Qd2+ 67. Kxa6 Qd6+ 68. Kb7
Qa3 69. Qb5+ Kd6 70. a5 Qf3+ 71. Ka7 Qf7+ 72. Qb7 Qc7 73. a6 Kd7 74. Ka8 Kd6 75.
Qb4+ Kc6 76. Qe4+ Kd7 77. Qd5+ Ke7 78. Qg5+ Kd7 79. Qg7+ Kd8 80. Qg8 Kd7 81. Qb8
Kc6 82. Qe8+ Kd6 83. a7 Kc5 84. Qf8+ Kc6 85. Qe8+ Kd6 86. Qg6+ Kd7 87. Qd3+ Ke7 88.
Qe2+ Kd7 89. Qb5+ Ke7 90. Qb8 Kd7 91. Qb7 Kd8 92. Qd5 Ke7 93. Qe4+ Kd7 94. Qh7+ Kd8
95. Qg8 Kd7 96. Qf7+ Kd8 97. Qe8 Kxe8  1/2-1/2

[Event "28. Offene Internationale Bayerische Schachmeisterschaft"]
[Site "Gmund am Tegernsee"]
[Date "2025.11.05"]
[Round "5"]
[Board "19"]
[White "Soumya, Swaminathan"]
[Black "Yelisieiev, Yevhenii"]
[Result "1/2-1/2"]
[WhiteElo "2256"]
[BlackElo "2388"]
[PlyCount "0"]
[EventDate "2025.11.01"]
[EventRounds "9"]
[EventCountry "GER"]

1. e4 d6 2. d4 Nf6 3. Nc3 e5 4. Nf3 Nbd7 5. Bc4 Be7 6. O-O O-O 7. a4 a5 8. Re1 c6
9. h3 Nb6 10. Ba2 Nfd7 11. dxe5 dxe5 12. Be3 Qc7 13. Ng5 Nf6 14. Qd3 Nh5 15. Ne2
Ra6 16. Qd2 h6 17. Nf3 Nxa4 18. g4 Nf6 19. Ng3 Nc5 20. Bxh6 Rd8 21. Qg5 Ne8 22. Qh5
Be6 23. Nf5 Bf6 24. g5 g6 25. Qh4 Bh8 26. Bf8 gxf5 27. Bxc5 Bxa2 28. Rxa2 f4 29.
Kh1 b6 30. Ba3 c5 31. b3 b5 32. Bb2 Re6 33. Raa1 Bg7 34. Rg1 Nd6 35. g6 f6 36. Qh7+
Kf8 37. Nd2 Qc6 38. f3 Nf5 39. Nf1 Nh6 40. Rxa5 Re7 41. Nh2 f5 42. Re1 Rd2 43. Rea1
Qf6 44. Ra6 Qh4 45. Ra8+ Re8 46. Rxe8+ Kxe8 47. Qxg7 Rxh2+ 48. Kxh2 Qg3+ 49. Kh1
Qxh3+ 50. Kg1 Qg3+ 51. Kh1 Qxf3+ 52. Kg1 Qg3+ 53. Kf1 Qf3+ 54. Kg1 Qg3+ 55. Kf1 Qf3+
56. Kg1  1/2-1/2

[Event "28. Offene Internationale Bayerische Schachmeisterschaft"]
[Site "Gmund am Tegernsee"]
[Date "2025.11.05"]
[Round "5"]
[Board "20"]
[White "Dahl, Christoph"]
[Black "Ramien, David"]
[Result "1/2-1/2"]
[WhiteElo "2387"]
[BlackElo "2231"]
[PlyCount "0"]
[EventDate "2025.11.01"]
[EventRounds "9"]
[EventCountry "GER"]

1. d4 Nf6 2. c4 e6 3. Nc3 Bb4 4. e3 O-O 5. Bd3 d5 6. cxd5 exd5 7. a3 Bd6 8. Qc2 c6
9. Nge2 Re8 10. O-O b6 11. b4 Ba6 12. Bxa6 Nxa6 13. b5 cxb5 14. Nxb5 Bf8 15. Bd2
Qd7 16. Nbc3 Rac8 17. Qb3 Nc7 18. a4 h5 19. Rfc1 h4 20. h3 Bd6 21. Nb5 Nxb5 22. Qxb5
Qf5 23. f3 Qe6 24. a5 bxa5 25. Qxa5 Bb8 26. Rxc8 Rxc8 27. Rc1 Rxc1+ 28. Bxc1 Qd6
29. Nf4 Qc6 30. Bd2 Bxf4 31. exf4 Qb6 32. Qc3 Qb7 33. Be1 Nh5 34. Bxh4 Nxf4 35. Qe3
Ne6 36. Qc3 Qc7 37. Qb3 Qc1+ 38. Kh2 Qf4+ 39. Bg3 Qxd4 40. Qb8+ Kh7 41. Qb7 Kg6 42.
h4 Kf6 43. h5 a5 44. Bd6 Qh4+ 45. Kg1 Qe1+ 46. Kh2 Qh4+  1/2-1/2

[Event "28. Offene Internationale Bayerische Schachmeisterschaft"]
[Site "Gmund am Tegernsee"]
[Date "2025.11.05"]
[Round "5"]
[Board "21"]
[White "Leeb, Simon"]
[Black "Zysk, Robert"]
[Result "1/2-1/2"]
[WhiteElo "2241"]
[BlackElo "2373"]
[PlyCount "0"]
[EventDate "2025.11.01"]
[EventRounds "9"]
[EventCountry "GER"]

1. d4 Nf6 2. g3 c5 3. d5 b5 4. a4 b4 5. c4 bxc3 6. Nxc3 d6 7. Nf3 g6 8. e4 Nbd7 9.
Bb5 Qc7 10. Qe2 a6 11. e5 dxe5 12. Nxe5 axb5 13. Bf4 Qb6 14. Nxb5 Ba6 15. O-O Nxe5
16. Qxe5 O-O-O 17. a5 Qb7 18. Rfc1 Nd7 19. Qxh8 Qxb5 20. Qxh7 Nf6 21. Qxf7 Nxd5 22.
Qxg6 Nxf4 23. Qf5+ e6 24. Qxf4 Qc6 25. Rd1 Bd6  1/2-1/2

[Event "28. Offene Internationale Bayerische Schachmeisterschaft"]
[Site "Gmund am Tegernsee"]
[Date "2025.11.05"]
[Round "5"]
[Board "22"]
[White "Stoettner, Lukas"]
[Black "Jacobson, Aaron"]
[Result "1-0"]
[WhiteElo "2227"]
[BlackElo "2370"]
[PlyCount "0"]
[EventDate "2025.11.01"]
[EventRounds "9"]
[EventCountry "GER"]

1. d4 Nf6 2. c4 e6 3. Nf3 d5 4. g3 Bb4+ 5. Bd2 a5 6. Bg2 O-O 7. Qc2 h6 8. O-O c6
9. Bf4 Be7 10. Rd1 Nbd7 11. Nbd2 g5 12. Be3 Ng4 13. Nf1 Nxe3 14. Nxe3 Kg7 15. Rac1
Bd6 16. Qc3 f5 17. Ne5 f4 18. N3g4 Nf6 19. Nxf6 Qxf6 20. Kh1 Qf5 21. Re1 Bb4 22.
Qb3 Bxe1 23. Rxe1 dxc4 24. Qxc4 Rd8 25. gxf4 Qxf4 26. e3 Qf5 27. f4 gxf4 28. Rf1
Rf8 29. Qc5 Re8 30. Rxf4 Qb1+ 31. Rf1 Qxb2 32. Rf7+ Kg8 33. Be4 Qb1+ 34. Bxb1  1-0

[Event "28. Offene Internationale Bayerische Schachmeisterschaft"]
[Site "Gmund am Tegernsee"]
[Date "2025.11.05"]
[Round "5"]
[Board "23"]
[White "Celik, Ali Alper"]
[Black "Martin, Julian"]
[Result "0-1"]
[WhiteElo "2219"]
[BlackElo "2360"]
[PlyCount "0"]
[EventDate "2025.11.01"]
[EventRounds "9"]
[EventCountry "GER"]

1. e4 e5 2. Nf3 Nc6 3. Bb5 Nge7 4. c3 d5 5. Nxe5 dxe4 6. d4 exd3 7. Qf3 Be6 8. Nxc6
Nxc6 9. O-O Qd5 10. Qxd5 Bxd5 11. Re1+ Be6 12. Bxd3 O-O-O 13. Be4 Ne5 14. Nd2 Nd3
15. Bxd3 Rxd3 16. Ne4 h6 17. Be3 b6 18. f3 a5 19. Nf2 Rd8 20. b3 Ba3 21. Rad1 Bf5
22. g4 Bc2 23. Rxd8+ Rxd8 24. Bd4 f6 25. h4 c5 26. Be3 Re8 27. h5 Kb7 28. Kg2 a4
29. bxa4 Ka6 30. Re2 Bb1 31. Re1 Bc2 32. Re2 Bh7 33. Bxc5 Rxe2 34. Bxa3 Re8 35. Bb4
f5 36. Kg3 fxg4 37. Nxg4 Bg8 38. a3 Bb3 39. Kf4 Bf7 40. Ne3 Bxh5 41. Nf5 Rg8 42.
c4 g5+ 43. Kg3 Rg6 44. Bc3 Rc6 45. Ne3 Bf7 46. Bg7 h5 47. f4 gxf4+ 48. Kxf4 Bxc4
 0-1

[Event "28. Offene Internationale Bayerische Schachmeisterschaft"]
[Site "Gmund am Tegernsee"]
[Date "2025.11.05"]
[Round "5"]
[Board "24"]
[White "Saad, Gabriel"]
[Black "Nurman, Alua"]
[Result "0-1"]
[WhiteElo "2199"]
[BlackElo "2344"]
[PlyCount "0"]
[EventDate "2025.11.01"]
[EventRounds "9"]
[EventCountry "GER"]

1. e4 e5 2. Nf3 Nc6 3. Bb5 a6 4. Ba4 Nf6 5. O-O b5 6. Bb3 Bc5 7. c3 d6 8. d4 Bb6
9. a4 Rb8 10. a5 Ba7 11. h3 O-O 12. Re1 Bb7 13. Be3 exd4 14. cxd4 Nb4 15. Bg5 h6
16. Bh4 c5 17. Nc3 Re8 18. d5 c4 19. Bc2 Nxc2 20. Qxc2 Bc5 21. Rad1 Qe7 22. Qc1 b4
23. e5 bxc3 24. exf6 cxb2 25. Qxb2 Qd7 26. fxg7 f5 27. Bf6 Bxd5 28. Qd2 Bxf3 29.
Qxh6 Be4 30. Rxe4 fxe4 31. Rd5 e3 32. Qh8+ Kf7 33. g8=Q+ Rxg8 34. Qh7+ Kxf6 35. Qxd7
exf2+ 36. Kh2 f1=Q 37. Re5 Kxe5  0-1

[Event "28. Offene Internationale Bayerische Schachmeisterschaft"]
[Site "Gmund am Tegernsee"]
[Date "2025.11.05"]
[Round "5"]
[Board "25"]
[White "Weber, Ulrich"]
[Black "Wunderlich, Elias"]
[Result "0-1"]
[WhiteElo "2343"]
[BlackElo "2184"]
[PlyCount "0"]
[EventDate "2025.11.01"]
[EventRounds "9"]
[EventCountry "GER"]

1. Nf3 Nf6 2. g3 g6 3. c4 c5 4. Nc3 Nc6 5. Bg2 Bg7 6. O-O O-O 7. a3 d5 8. cxd5 Nxd5
9. Nxd5 Qxd5 10. d3 Qh5 11. Qc2 Bg4 12. Be3 Rac8 13. Rab1 c4 14. Rbd1 cxd3 15. Qxd3
e5 16. Rfe1 Rfe8 17. Qb3 e4 18. Ng5 Ne5 19. Rc1 Rxc1 20. Rxc1 h6 21. Nxe4 Bxe2 22.
Qxb7 Nf3+ 23. Bxf3 Bxf3 24. Rc8 Rxc8 25. Qxc8+ Kh7 26. Nd2 Bd5 27. Qc1 Bxb2 28. Qxb2
Qd1+ 29. Nf1 Qf3 30. Qc2 Qh5  0-1

[Event "28. Offene Internationale Bayerische Schachmeisterschaft"]
[Site "Gmund am Tegernsee"]
[Date "2025.11.05"]
[Round "5"]
[Board "26"]
[White "Nasta, Kiren Vivek"]
[Black "Nitin, S."]
[Result "0-1"]
[WhiteElo "2197"]
[BlackElo "2337"]
[PlyCount "0"]
[EventDate "2025.11.01"]
[EventRounds "9"]
[EventCountry "GER"]

1. e4 g6 2. d4 Bg7 3. Nf3 d6 4. Be2 Nf6 5. Nc3 O-O 6. O-O a6 7. a4 Nc6 8. a5 e5 9.
d5 Ne7 10. Ra3 h6 11. b4 Nd7 12. Na4 f5 13. c4 fxe4 14. Nd2 Nf6 15. Nc3 Nf5 16. Ndxe4
Nd4 17. Nxf6+ Qxf6 18. Bd3 Bf5 19. Ne4 Qe7 20. Be3 Rad8 21. Re1 Qd7 22. f3 Qf7 23.
Bb1 c6 24. Nc3 Bxb1 25. Qxb1 Qf5 26. Ne4 cxd5 27. cxd5 Nb5 28. Rd3 Rc8 29. Bb6 Rc4
30. Qb3 Rcc8 31. Rdd1 Bf6 32. Ng3 Qc2 33. Qxc2 Rxc2 34. Ne4 Bh4 35. Rf1 Rc4 36. Rb1
Rfc8 37. Be3 Kg7 38. Rfc1 Be7 39. Kf1 R8c7 40. Ke2 Rc2+ 41. Rxc2 Rxc2+ 42. Bd2 Rc4
 0-1

[Event "28. Offene Internationale Bayerische Schachmeisterschaft"]
[Site "Gmund am Tegernsee"]
[Date "2025.11.05"]
[Round "5"]
[Board "27"]
[White "Gallas, Noel"]
[Black "Forchert, Martin"]
[Result "1/2-1/2"]
[WhiteElo "2184"]
[BlackElo "2336"]
[PlyCount "0"]
[EventDate "2025.11.01"]
[EventRounds "9"]
[EventCountry "GER"]

1. d4 d5 2. Nf3 Nf6 3. Bf4 c5 4. e3 Nc6 5. Nbd2 Bg4 6. Bb5 e6 7. h3 Bxf3 8. Qxf3
Qb6 9. Bxc6+ bxc6 10. dxc5 Qxb2 11. O-O Qc3 12. Nb3 e5 13. Bh2 Be7 14. Qf5 Nd7 15.
Qg4 a5 16. Qa4 Ra6 17. Qg4 a4 18. Rab1 h5 19. Qe2 Ra7 20. Nd4 Qxc5 21. Nf5 g6 22.
Nxe7 Qxe7 23. c4 O-O 24. cxd5 cxd5 25. Rb5 Qe6 26. Qd3 Nf6 27. Bg3 Rd7 28. Ra5 Ne4
29. Rc1 Nxg3 30. fxg3 d4 31. Rxa4 e4 32. Qb3 Qxb3 33. axb3 d3 34. Rxe4 Rb8 35. b4
d2 36. Rd1 Rc8 37. Kf2 Rc2 38. Ke2 Rb2 39. Rd4 Rb7 40. R1xd2 R2xb4 41. Rxb4 Rxb4
42. Rd4 Rb2+ 43. Kf3 Kg7 44. g4 hxg4+ 45. Rxg4 f5 46. Ra4 Kf6 47. g4 Rh2 48. Kg3
Re2 49. Ra3 Re1 50. Ra6+ Kf7 51. Kf4 Rh1 52. Ra7+ Ke6 53. Rh7 fxg4 54. Kxg4 Rg1+
55. Kf4 Rf1+ 56. Ke4 Kf6 57. Rh4 Rh1 58. Rf4+ Ke6 59. Rf3 g5 60. Rg3 Kf6  1/2-1/2

[Event "28. Offene Internationale Bayerische Schachmeisterschaft"]
[Site "Gmund am Tegernsee"]
[Date "2025.11.05"]
[Round "5"]
[Board "28"]
[White "Kueppers, Timo"]
[Black "Cordes, Hans-Joerg"]
[Result "1/2-1/2"]
[WhiteElo "2327"]
[BlackElo "2180"]
[PlyCount "0"]
[EventDate "2025.11.01"]
[EventRounds "9"]
[EventCountry "GER"]

1. c4 e6 2. g3 Nf6 3. Bg2 d5 4. Nf3 Be7 5. O-O O-O 6. b3 c6 7. d4 a5 8. Nc3 b6 9.
Qc2 Ba6 10. Ne5 b5 11. c5 b4 12. Na4 Nfd7 13. Nd3 Bf6 14. Bb2 Re8 15. f4 Bxd3 16.
Qxd3 g6 17. e4 dxe4 18. Bxe4 Bg7 19. a3 bxa3 20. Rxa3 Qc7 21. Rfa1 Na6 22. Nb6 Nxb6
23. cxb6 Qxb6 24. Rxa5 Nc7 25. Rxa8 Rxa8 26. Rxa8+ Nxa8 27. Qc4 Qa5 28. b4 Qa4 29.
Kg2 Nb6 30. Qxc6 Na8  1/2-1/2

[Event "28. Offene Internationale Bayerische Schachmeisterschaft"]
[Site "Gmund am Tegernsee"]
[Date "2025.11.05"]
[Round "5"]
[Board "29"]
[White "Nithin, Babu"]
[Black "Roettig, Hans-Peter"]
[Result "1-0"]
[WhiteElo "2310"]
[BlackElo "1967"]
[PlyCount "0"]
[EventDate "2025.11.01"]
[EventRounds "9"]
[EventCountry "GER"]

1. d4 f5 2. Bf4 Nf6 3. e3 d6 4. Nc3 e6 5. Bd3 Nc6 6. Nf3 g6 7. e4 h6 8. exf5 exf5
9. O-O Bg7 10. Re1+ Kf8 11. Nh4 Kf7 12. Bc4+ d5 13. Bb3 Na5 14. Nf3 Nxb3 15. axb3
Ne4 16. Nb5 Nd6 17. Nxa7 Bd7 18. Ne5+ Kf6 19. Qd3 Be8 20. Nf3 c6 21. Bxd6 Qxd6 22.
Nb5 Qb8 23. Qe3 Kf7 24. Qe6+ Kf8 25. Rxa8 Qxa8 26. Nd6  1-0

[Event "28. Offene Internationale Bayerische Schachmeisterschaft"]
[Site "Gmund am Tegernsee"]
[Date "2025.11.05"]
[Round "5"]
[Board "30"]
[White "Eisele, Steffen"]
[Black "Wiest, Leonhard"]
[Result "1-0"]
[WhiteElo "2211"]
[BlackElo "1961"]
[PlyCount "0"]
[EventDate "2025.11.01"]
[EventRounds "9"]
[EventCountry "GER"]

1. g3 d5 2. Bg2 Nf6 3. d3 e5 4. Nf3 Bd6 5. O-O O-O 6. Nc3 c6 7. e4 dxe4 8. Nxe4 Nxe4
9. dxe4 Qe7 10. Nh4 g6 11. Bh6 Re8 12. Qd2 f6 13. f4 Nd7 14. Kh1 Bc7 15. Rae1 Nf8
16. Nf3 Be6 17. fxe5 fxe5 18. Qc3 Nd7 19. Rd1 Bg4 20. Qb3+ Be6 21. Qxb7 Bb6 22. Ng5
Nc5 23. Rf8+ Qxf8 24. Qxh7#  1-0

[Event "28. Offene Internationale Bayerische Schachmeisterschaft"]
[Site "Gmund am Tegernsee"]
[Date "2025.11.05"]
[Round "5"]
[Board "31"]
[White "Brandt, Sebastian"]
[Black "Wagner, Lukas"]
[Result "0-1"]
[WhiteElo "2188"]
[BlackElo "1957"]
[PlyCount "0"]
[EventDate "2025.11.01"]
[EventRounds "9"]
[EventCountry "GER"]

1. e4 c5 2. Nc3 Nc6 3. Bb5 Nd4 4. Bc4 e6 5. Nge2 a6 6. d3 b5 7. Bb3 Nxb3 8. axb3
Bb7 9. f4 Nf6 10. O-O Be7 11. Ng3 Qc7 12. Rf2 d6 13. Nh5 Nxh5 14. Qxh5 g6 15. Qh3
f5 16. Re2 O-O-O 17. Be3 Bf6 18. Bf2 Qd7 19. Rae1 Kb8 20. Na2 fxe4 21. dxe4 e5 22.
Qxd7 Rxd7 23. Rd1 Kc7 24. b4 exf4 25. bxc5 Bxb2 26. c3 Ba3 27. Nb4 Re8 28. cxd6+
Rxd6 29. Rxd6 Kxd6 30. Rd2+ Kc7 31. g3 Rxe4 32. Nd3 f3 33. Nc5 Bxc5 34. Bxc5 Re6
35. Kf2 Be4 36. Bb4 Kb6 37. Ra2 Re8 38. Ba5+ Kc5 39. Rd2 Bd5 40. Rb2 Re6 41. Rd2
g5 42. Bb4+ Kc6 43. Ba5 g4 44. Bb4 Bc4 45. h4 Re2+ 46. Rxe2 Bxe2 47. Ba5 Kd5 48.
Ke3 Kc4 49. Kd2 Bd3 50. Ke3 Bg6 51. Kd2 Kb3 52. Bb6 Ka4 53. Kc1 a5 54. Kd2 b4 55.
c4 Bf5 56. Bd4 Ka3 57. Bc5 Ka2 58. Bb6 b3  0-1

[Event "28. Offene Internationale Bayerische Schachmeisterschaft"]
[Site "Gmund am Tegernsee"]
[Date "2025.11.05"]
[Round "5"]
[Board "32"]
[White "Waller, Stefan"]
[Black "Sajka, Mariusz"]
[Result "0-1"]
[WhiteElo "1951"]
[BlackElo "2209"]
[PlyCount "0"]
[EventDate "2025.11.01"]
[EventRounds "9"]
[EventCountry "GER"]

1. e4 c5 2. c3 d5 3. exd5 Qxd5 4. d4 Nc6 5. Nf3 Nf6 6. dxc5 Qxd1+ 7. Kxd1 Bf5 8.
Bb5 e5 9. Bxc6+ bxc6 10. b4 O-O-O+ 11. Bd2 g6 12. Nxe5 Ne4 13. Nxf7 Nxf2+ 14. Ke2
Nxh1 15. Nxd8 Bg4+ 16. Kf1 Kxd8 17. Bg5+ Kc8 18. Bf6 Rg8 19. Bd4 Bh6 20. Na3 Re8
21. Kg1 Re2 22. Nc4 Be6 23. Nd6+ Kd7 24. Kxh1 Bf4 25. Rd1 Bd5 26. c4 Bxg2+ 27. Kg1
Rxa2 28. Bf2 Bf3 29. Rd3 Ra1+ 30. Be1 Be2 31. Rh3 h5 32. Ne4 Bxc4 33. Kf2 Ra2+ 34.
Kf3 g5 35. Nf6+ Ke6 36. Nxh5 Ra3+ 37. Kg2 Bd5+  0-1

[Event "28. Offene Internationale Bayerische Schachmeisterschaft"]
[Site "Gmund am Tegernsee"]
[Date "2025.11.05"]
[Round "5"]
[Board "33"]
[White "Montalto, Davide"]
[Black "Lederle, Vitus"]
[Result "0-1"]
[WhiteElo "1944"]
[BlackElo "2176"]
[PlyCount "0"]
[EventDate "2025.11.01"]
[EventRounds "9"]
[EventCountry "GER"]

1. e4 c5 2. Nf3 Nc6 3. Bb5 g6 4. Bxc6 bxc6 5. d4 cxd4 6. Qxd4 f6 7. c4 Bg7 8. O-O
Nh6 9. Nc3 O-O 10. Re1 d6 11. Qd3 Qc7 12. b4 Nf7 13. b5 e6 14. a4 c5 15. a5 a6 16.
Bd2 Bb7 17. Reb1 f5 18. exf5 gxf5 19. bxa6 Rxa6 20. Rb5 Be4 21. Qe2 Rfa8 22. Re1
d5 23. Na4 Rc6 24. cxd5 exd5 25. Rc1 c4 26. Nb6 Rd8 27. Bb4 h6 28. h3 c3 29. Na4
d4 30. Nc5 d3 31. Qa2 Bd5 32. Qa3 Bxf3 33. gxf3 d2 34. Rd1 Qe5 35. Bxc3 Qxc3 36.
Qxc3 Bxc3 37. Nb3 Re6 38. Nxd2 Rxd2 39. Rxd2 Bxd2 40. Rxf5 Ra6  0-1

[Event "28. Offene Internationale Bayerische Schachmeisterschaft"]
[Site "Gmund am Tegernsee"]
[Date "2025.11.05"]
[Round "5"]
[Board "34"]
[White "Brixel, Christof"]
[Black "Nagel, Bernhard"]
[Result "0-1"]
[WhiteElo "1926"]
[BlackElo "2174"]
[PlyCount "0"]
[EventDate "2025.11.01"]
[EventRounds "9"]
[EventCountry "GER"]

1. e4 e5 2. f4 exf4 3. Nf3 Ne7 4. d4 d5 5. Bd3 dxe4 6. Bxe4 Nd5 7. O-O Be7 8. Ne5
Nf6 9. Bf3 g5 10. Nc3 Nbd7 11. g3 Nxe5 12. dxe5 Qxd1 13. Bxd1 Ng4 14. Bxg4 Bxg4 15.
gxf4 Bc5+ 16. Kg2 gxf4 17. Bxf4 Rg8 18. Bg3 Bd7 19. h3 h5 20. Rf4 Bc6+ 21. Kh2 Be3
22. Rc4 Bf2 23. Bxf2 Rg2+ 24. Kh1 Rxf2+ 25. Kg1 Rxc2 26. Rd1 Rxb2 27. e6 fxe6 28.
Rh4 Ke7 29. Rxh5 Rg2+ 30. Kf1 Rf8+ 31. Ke1 Rg1+ 32. Kd2 Rd8+ 33. Ke2 Rdxd1 34. Rh7+
Kd6 35. Nxd1 Bb5+  0-1

[Event "28. Offene Internationale Bayerische Schachmeisterschaft"]
[Site "Gmund am Tegernsee"]
[Date "2025.11.05"]
[Round "5"]
[Board "35"]
[White "Ovsepyan, Arshak"]
[Black "Merenda, Lukas-Benedikt"]
[Result "1-0"]
[WhiteElo "2200"]
[BlackElo "1922"]
[PlyCount "0"]
[EventDate "2025.11.01"]
[EventRounds "9"]
[EventCountry "GER"]

1. c4 Nf6 2. g3 g6 3. Bg2 Bg7 4. Nc3 O-O 5. e4 d6 6. Nge2 c5 7. O-O e5 8. h3 Be6
9. d3 Qd7 10. Kh2 Nc6 11. Be3 Ne8 12. Qd2 f5 13. f4 Nf6 14. Nd5 Nd4 15. Nec3 Rab8
16. Rae1 Nh5 17. b3 a6 18. exf5 gxf5 19. fxe5 Bxe5 20. Nf4 Nxf4 21. Bxf4 Qg7 22.
Ne2 Rfe8 23. Nxd4 cxd4 24. Re2 Bd7 25. Rfe1 b6 26. Qb4 a5 27. Bd5+ Kh8 28. Bxe5 dxe5
29. Qd6 e4 30. dxe4 d3 31. Rd2 fxe4 32. Rxe4 Bf5 33. Rf4 Rbd8 34. Qxb6 Bg6 35. Rff2
Rf8 36. Qxa5 Qd4 37. Rg2 Rde8 38. Qa3 Rf1 39. Qb2 Qxb2 40. Rxb2 Rfe1 41. Rbd2 R8e3
42. Rgf2 Rc1 43. Kg2 Ree1 44. Kf3 Kg7 45. b4 Kf6 46. b5 Rc3 47. Kf4 Rc2 48. b6 Re2
49. Rdxe2 Rxe2 50. Kf3 Re8 51. a4 Ke5 52. a5 Kd4 53. b7 Rf8+ 54. Kg2 Rxf2+ 55. Kxf2
d2 56. Bf3 Be4 57. b8=Q Bxf3 58. Qd6+ Kc3 59. Kxf3  1-0

[Event "28. Offene Internationale Bayerische Schachmeisterschaft"]
[Site "Gmund am Tegernsee"]
[Date "2025.11.05"]
[Round "5"]
[Board "36"]
[White "Loew, Gerald"]
[Black "Ranganathan, Aadith"]
[Result "1-0"]
[WhiteElo "2180"]
[BlackElo "1918"]
[PlyCount "0"]
[EventDate "2025.11.01"]
[EventRounds "9"]
[EventCountry "GER"]

1. c4 e6 2. g3 d5 3. Bg2 Nf6 4. Nf3 Be7 5. d4 dxc4 6. Na3 Bxa3 7. bxa3 Bd7 8. O-O
Bc6 9. a4 O-O 10. Ba3 Re8 11. Rc1 Bd5 12. Ne5 Bxg2 13. Kxg2 Nc6 14. Nxc6 Qd5+ 15.
Kg1 Qxc6 16. Qc2 Ne4 17. Rfd1 Nd6 18. Bxd6 Qxd6 19. Qxc4 c6 20. a5 Rac8 21. Qc5 Qxc5
22. dxc5 Rc7 23. Rd6 Kf8 24. Rc3 a6 25. Rcd3 Ke7 26. e4 f6 27. f4 h6 28. Kg2 Kf7
29. Kf3 Ree7 30. g4 e5 31. f5 Re8 32. Kg3 g5 33. fxg6+ Kxg6 34. Kh4 Rh7 35. Rf3 Rf7
36. Rfd3 Rh7 37. Rd7 Ree7 38. R7d6 Re8 39. h3 Rg7 40. Rf3 Rf7 41. Rf5 Ree7 42. g5
hxg5+ 43. Rxg5+ Kh7 44. Rf5 Kg7 45. Kh5 Re8 46. h4 Rh8+ 47. Kg4 Re8 48. h5 Ref8 49.
Rf3 Re8 50. Kf5 Rh8 51. Rg3+ Kf8 52. Rd8+  1-0

[Event "28. Offene Internationale Bayerische Schachmeisterschaft"]
[Site "Gmund am Tegernsee"]
[Date "2025.11.05"]
[Round "5"]
[Board "37"]
[White "Noack, Mario"]
[Black "Heigermoser, Robert"]
[Result "0-1"]
[WhiteElo "1901"]
[BlackElo "2163"]
[PlyCount "0"]
[EventDate "2025.11.01"]
[EventRounds "9"]
[EventCountry "GER"]

1. c4 g6 2. g3 Bg7 3. Bg2 c5 4. Nc3 Nc6 5. e4 a6 6. Nge2 b5 7. cxb5 axb5 8. Nxb5
Ba6 9. Nec3 Qa5 10. Bf1 Nf6 11. f3 O-O 12. Be2 e6 13. Nd6 Nd4 14. O-O Nxe2+ 15. Nxe2
Bd3 16. Re1 Qa6 17. e5 Nd5 18. Nf4 Nb4 19. Re3 c4 20. Nxd3 cxd3 21. a3 Nc2 22. Rb1
Nxe3 23. dxe3 Bxe5 24. Ne4 Qb5 25. b4 Qc4 26. Nc5 Rfc8 27. Qxd3 Rxc5 28. Qxd7 Rd5
 0-1